Bank lending valuations on commercial property: does European mortgage lending value add anything to the process? (Record no. 63513)

MARC details
000 -LEADER
fixed length control field 01199cam a2200277 4500
001 - CONTROL NUMBER
control field ABS62398
008 - FIXED-LENGTH DATA ELEMENTS--GENERAL INFORMATION
fixed length control field 000000n2000 000 0 eng u
035 ## - SYSTEM CONTROL NUMBER
System control number (Sirsi) u106041
100 ## - MAIN ENTRY--PERSONAL NAME
Personal name Crosby, N.
100 ## - MAIN ENTRY--PERSONAL NAME
Personal name Oughton, M.
245 ## - TITLE STATEMENT
Title Bank lending valuations on commercial property: does European mortgage lending value add anything to the process?
260 ## - PUBLICATION, DISTRIBUTION, ETC.
Date of publication, distribution, etc. 2000
490 ## - SERIES STATEMENT
Series statement Journal of Property Investment and Finance
Volume/sequential designation 18(1) January 2000, 66-83(18)
520 ## - SUMMARY, ETC.
Summary, etc. Reviews a number of alternative bases of valuation which can be applied for lending purposes. Compares the European Mortgage Federation proposal that lending value should be based on 'sustainable' values with the current basis used for bank lending valuations, market value. Concludes that the concept of sustainable values does not work. References.
590 ## - LOCAL NOTE (RLIN)
Local note ABS
650 ## - SUBJECT ADDED ENTRY--TOPICAL TERM
Topical term or geographic name entry element MORTGAGE LENDING
650 ## - SUBJECT ADDED ENTRY--TOPICAL TERM
Topical term or geographic name entry element EUROPEAN MORTGAGE LENDING VALUE
650 ## - SUBJECT ADDED ENTRY--TOPICAL TERM
Topical term or geographic name entry element MARKET VALUE
650 ## - SUBJECT ADDED ENTRY--TOPICAL TERM
Topical term or geographic name entry element LENDING VALUATIONS
650 ## - SUBJECT ADDED ENTRY--TOPICAL TERM
Topical term or geographic name entry element PROPERTY-COMMERCIAL PROPERTY
650 ## - SUBJECT ADDED ENTRY--TOPICAL TERM
Topical term or geographic name entry element SUSTAINABLE VALUE
690 ## - LOCAL SUBJECT ADDED ENTRY--TOPICAL TERM (OCLC, RLIN)
Topical term or geographic name as entry element PROPERTY-PROPERTY APPRAISAL AND VALUATION
700 ## - ADDED ENTRY--PERSONAL NAME
Personal name French, N.
700 ## - ADDED ENTRY--PERSONAL NAME
Personal name Oughton, M.
942 ## - ADDED ENTRY ELEMENTS (KOHA)
Suppress in OPAC 0
Holdings
Withdrawn status Lost status Source of classification or shelving scheme Damaged status Not for loan Home library Current library Shelving location Date acquired Total Checkouts Full call number Barcode Date last seen Copy number Price effective from Koha item type
    Dewey Decimal Classification     London London Journal article 22/05/2000   ABS62398 106041-1001 06/08/2019 1 06/08/2019 Journal article